01121nam a22002651 450000100060000000300080000600500170001400800410003103500190007204000320009104100080012308200210013110000230015224500570017526000460023230000250027849000580030350400300036165000360039194200120042799900170043995201270045695201320058395201400071528821BD-RjUL20211209051332.0140401s1970 ii b 001 0 eng d a(BD-RjUL)28905 aDLCcDLCdDLCdBD-RjULbeng aeng00a150.18bHYN 19701 aHyman, Ray.98814814aThe nature of psychological inquiry /cby Ray Hyman aNew delhi :bPrentice-hallof india,c1970 axi, 116 p. ;c24 cm.0 aPrentice-Hall foundations of modern psychology series aBibliography: p. 111-112. 0aPsychologyxMethodology.988149 2ddccBK c28821d28821 00102ddc40728NFICaRUCLbRUCLcReadingd1976-07-03eUSISl0o150.18 HYN 1970r2014-04-01 00:00:00tC-1w2014-04-01yBK 00102ddc40708NFICaRUCLbRUCLcStackd1976-07-03eUSISg0.00l0o150.18 HYN 1970r2014-04-01 00:00:00tC-2w2014-04-01yBK 00102ddc40708NFICaRUCLbRUCLcStackd1977-03-31eLions Internationall0o150.18 HYN 1964r2014-04-03 00:00:00tC-3w2021-12-09yBK